000 00396nam a2200157Ia 4500
008 230711s9999||||xx |||||||||||||| ||und||
041 _aENG
082 _a621.381
_bHA-S
100 _aHara, Ko, ed
245 0 _aSuperconductivity electronics
250 _a1st Ed.
260 _c1987
_aNew Delhi
_bPHI Learning Private Limited
300 _a313
650 _aElectronics Engineering
942 _cBK
999 _c1845
_d1845